Datum a čas kvízu
24
Celkem bodů
Celkový počet nahraných bodů na tomto kvízu bez doplňovacích otázek.
6.
Pořadí na kvízu
Konečné umístění týmu na tomto kvízu.
Zaznamenané odpovědi
| # | Otázka | Odpověď | Body | Výsledky |
|---|---|---|---|---|
| 1. | Strážníci v Chodově na Sokolov... | hroznýš | 0 | |
| 2. | Policista, který se domáhal ná... | B) sýr čedar | 0 | |
| 3. | O filmu, jehož děj se odehrává... | Vlny, Jiří Mádl | 1 | |
| 4. | Na ostravském festivalu tanečn... | o dámské pisoáry | 1 | |
| 5. | Jak se jmenuje britský cyklist... | Mark Cavendish | 0 | |
| 6. | Téma začneme českým filmem Ari... | Hynek Čermák, Tatiana Dyková | 1 | |
| 7. | Ve filmu V hlavě z roku 2015 j... | A) úzkost | 0 | |
| 8. | Už 4. října se v kinech předst... | Lady Gaga | 0 | |
| 9. | Premiéru má každý rok velké mn... | C | 1 | |
| 10. | V roce 2024 přišlo do kin rovn... | Frank Herbert, Spasitel Duny | 0 |